| 000 | 00606cam a22002411 4500 | ||
|---|---|---|---|
| 001 | sa 68004572 | ||
| 003 | DLC | ||
| 005 | 20260227112502.0 | ||
| 008 | 890615s1963 ii b 000 0 urdr | ||
| 010 | _asa 68004572 | ||
| 035 | _a(OCoLC)19878493 | ||
| 040 |
_aDLC _cWaU _dDLC |
||
| 042 | _apremarc | ||
| 050 | 0 | 0 |
_aBP70 _b.S25 |
| 100 | 0 |
_aSaʻīd Aḥmad Akbarābādī, _d1908- |
|
| 245 | 1 | 0 | _aG̲h̲ulāmān-i Islām. |
| 260 | _c[1963] | ||
| 300 |
_a488 p. _c26 cm. |
||
| 500 | _aIn Urdu. | ||
| 504 | _aBibliographical footnotes. | ||
| 650 | 0 |
_aMuslims _vBiography. |
|
| 650 | 0 | _aMuslim converts. | |
| 999 |
_c80210 _d80210 |
||